| 000 | 00587nam a2200181Ia 4500 | ||
|---|---|---|---|
| 003 | OSt | ||
| 005 | 20210303130058.0 | ||
| 008 | 190216s9999||||xx |||||||||||||| ||und|| | ||
| 020 | _a0195629825 | ||
| 040 | _coclc | ||
| 082 |
_a333.7509542 _bGUH/U |
||
| 100 | 1 |
_aGuha, Ramachandra _9118 |
|
| 245 | 4 |
_aThe Unquiet Woods: Ecological Change and Peasant Resistance in the Himalaya / _cRamachandra Guha |
|
| 260 |
_bOxford University Press, _c1991. _aDelhi: |
||
| 300 | _a217p | ||
| 650 | _aEnglish General | ||
| 942 |
_cBK _2ddc _h333.7509542 _iGUH/U _k333.7509542 _mGUH/U |
||
| 999 |
_c13686 _d13686 |
||